Альманах. 13: Год двадцать первый (Запись № 12313696)
[ простой вид ]
| 000 -МАРКЕР | |
|---|---|
| контрольное поле | 01873nam2a2200265 4500 |
| 001 - ИДЕНТИФИКАТОР ЗАПИСИ | |
| контрольное поле | RU\NLR\BIBL_A\022260212 |
| 005 - ИДЕНТИФИКАТОР ВЕРСИИ | |
| контрольное поле | 20250625175454.0 |
| 035 ## - ДРУГИЕ СИСТЕМНЫЕ НОМЕРА | |
| Идентификатор записи | (NLR Aleph) 022260212 |
| 100 ## - ДАННЫЕ ОБЩЕЙ ОБРАБОТКИ | |
| Данные общей обработки | 20240624d1938 |||y0rusy50 ca |
| 101 0# - ЯЗЫК РЕСУРСА | |
| Язык текста, звукозаписи и т.д. | русский |
| 102 ## - СТРАНА ПУБЛИКАЦИИ ИЛИ ПРОИЗВОДСТВА | |
| Страна публикации | Российская Федерация |
| 105 ## - ПОЛЕ КОДИРОВАННЫХ ДАННЫХ: ТЕКСТОВЫЕ МАТЕРИАЛЫ, МОНОГРАФИЧЕСКИЕ | |
| Кодированные данные о монографическом текстовом документе | f z 000zy |
| 200 1# - ЗАГЛАВИЕ И СВЕДЕНИЯ ОБ ОТВЕТСТВЕННОСТИ | |
| Основное заглавие | Год двадцать первый |
| 210 ## - ПУБЛИКАЦИЯ, РАСПРОСТРАНЕНИЕ И ДР. | |
| Место издания, распространения и т.д. | Москва |
| Имя издателя, распространителя и т. д. | Художественная литература |
| Дата издания, распространения и т.д. | 1938 |
| 215 ## - ФИЗИЧЕСКАЯ ХАРАКТЕРИСТИКА | |
| Специфическое обозначение материала и объем | 398, [2] c., [1] вкл. л. с портр. |
| 300 ## - ОБЩИЕ ПРИМЕЧАНИЯ | |
| Текст примечания | Частное загл. пер. и корешка: Год XXI |
| 327 1# - ПРИМЕЧАНИЯ О СОДЕРЖАНИИ | |
| Текст примечания | Содерж.: А. М. Горький / И. Луппол. По пути на дно ; Последний день ; О книге / М. Горький. Из писем А. М. Горького (И. А. Груздеву). Памяти друга / Р. Роллан. Из воспоминаний об А. М. Горьком / А. Чапыгин. М. Горький на Капри / В. Десницкий. Начало / И. Бабель. А. М. Горький и его маленькие наследники / С. Маршак. Вечер в Горках / С. Марвич. Хитрие глаза / В. Герасимова. Я избираю Сталина / Джамбул. Высокое давление / Л. Соловьев. Вокруг света / В. Каменский. Любовь / Е. Леваковская |
| 461 #0 - УРОВЕНЬ НАБОРА | |
| Встроенное поле | 001rc\2671425 |
| -- | 2001#$aАльманах$fпод редакцией: М. Горького [и др.]$v13 |
| Системный номер (АБИС) связанной записи | 6233344 |
| Место публикации | Москва |
| Дата публикации | 1933-1939 |
| Первые сведения об ответственности | под редакцией: М. Горького [и др.] |
| Имя издателя, распространителя и т.д. | Советская литература |
| Заглавие | Альманах |
| Номер тома | 13 |
| 512 1# - ЗАГЛАВИЕ ОБЛОЖКИ | |
| Заглавие обложки | Год XXI |
| 852 ## - МЕСТОНАХОЖДЕНИЕ И ШИФР ХРАНЕНИЯ | |
| Идентификатор организации | NLR |
| Шифр хранения (Call Number) | 33-18/326(13) |
| 942 ## - ДОПОЛНИТЕЛЬНЫЕ ЭЛЕМЕНТЫ ЗАПИСИ (АБИС) | |
| Тип экземпляра АБИС | Книга |
| 980 ## - КОЛЛЕКЦИЯ | |
| Название коллекции | Национальная библиография |
| Тип экземпляра | Дата поступления | Библиотека постоянного хранения | Библиотека текущего хранения | Место хранения | Шифр хранения | Штрих-код | Статус экземпляра |
|---|---|---|---|---|---|---|---|
| Книга | 26.06.2024 | РНБ (Садовая) | РНБ (Садовая) | Русский книжный фонд -Главное здание, Ленинский читальный зал | 33-18/326(13) | 22260212-10 | |
| Книга | 26.06.2024 | РНБ (Садовая) | РНБ (Садовая) | Русский книжный фонд -Главное здание, Ленинский читальный зал | 33-18/326(13)а | 22260212-20 |